02932 2200637 4500001002100000005001500021035002000036008004100056020001800097041000800115082001100123084001700134100001900151245004700170260005800217300003500275520106200310650001001372650002401382990002601406990002601432990002401458990002401482990002401506990002401530990002401554990002601578990002601604990002401630990002401654990002401678990002401702990002601726990002601752990002401778990002401802990002401826990002401850990002601874990002601900990002401926990002401950990002401974990002601998990002602024990002402050990002402074990002402098990002402122990002602146990002602172990002402198990002402222990002402246990002402270INLIS00000000000531020221101081716 a0010-0520005310221101 | | ind  a9789792903782 aind a343.04 a343.04 SRI p0 aSri Pudyatmoko1 aPengantar hukum pajak /cY. Sri Pudyatmoko aYogyakarta :bLembaga Studi Agama dan Filsafat,c2008 axiii, 350 hlm.; 23 cm ;c23 cm aBuku ini membahas pembaharuan Perpajakan Nasional V ditandai dengan keluarnya Undang-Undang Nomor 28 Tahun 2007 tentang Perubahan Ketiga atas Undang-Undang Nomor 6 Tahun 1983 tentang ketentuan Umum dan Tata Cara Perpajakan. Meskipun perubahan tersebut hanya berlaku pada satu undang-undang, sifatnya menyeluruh dan signifikansinya sungguh terasa. Edisi revisi kali ini mengangkat hal tersebut tanpa benar-benar mengabaikan materi sebelumnya yang masih relevan. Selain itu, pada bagian akhir buku ini dilampirkan Undang-Undang Republik Indonesia Nomor 6 Tahun 1983 tentang ketentuan Umum dan Tata Cara Perpajakan serta perubahannya, yaitu Undang-Undang Republik Indonesia Nomor 28 Tahun 2007 tentang Perubahan Ketiga atas Undang-Undang Nomor 6 Tahun 1983 tentang Ketentuan Umum dan Tata Cara Perpajakan. Buku ini memuat materi tentang pajak dan pungutan, azas dan dasar pajak, pengenaan pajak, pembaharuan perpajakan nasional, hak dan kewajiban wajib pajak, hak mendahului dari negara, penagihan dan perlawanan terhadap pajak serta hukum pajak internasional. 4aPajak 4aHukum dan Peraturan a08527/MKRI-P/XII-2008 a08528/MKRI-P/XII-2008 a17055/MKRI-P/X-2010 a17056/MKRI-P/X-2010 a17057/MKRI-P/X-2010 a17058/MKRI-P/X-2010 a17058/MKRI-P/X-2010 a08527/MKRI-P/XII-2008 a08528/MKRI-P/XII-2008 a17055/MKRI-P/X-2010 a17056/MKRI-P/X-2010 a17057/MKRI-P/X-2010 a17057/MKRI-P/X-2010 a08527/MKRI-P/XII-2008 a08528/MKRI-P/XII-2008 a17055/MKRI-P/X-2010 a17056/MKRI-P/X-2010 a17058/MKRI-P/X-2010 a17055/MKRI-P/X-2010 a08527/MKRI-P/XII-2008 a08528/MKRI-P/XII-2008 a17056/MKRI-P/X-2010 a17057/MKRI-P/X-2010 a17058/MKRI-P/X-2010 a08528/MKRI-P/XII-2008 a08527/MKRI-P/XII-2008 a17055/MKRI-P/X-2010 a17056/MKRI-P/X-2010 a17057/MKRI-P/X-2010 a17058/MKRI-P/X-2010 a08527/MKRI-P/XII-2008 a08528/MKRI-P/XII-2008 a17055/MKRI-P/X-2010 a17056/MKRI-P/X-2010 a17057/MKRI-P/X-2010 a17058/MKRI-P/X-2010